000 01383nam a22002537a 4500
003 OSt
005 20210624164905.0
008 161011b xxu||||| |||| 00| 0 eng d
040 _cӨрхийн эрүүл мэндийн төв дэхь эрүүл мэндийн нийгмийн ажилчны өнөөгийн байдал:
_aАнагаах ухааны төв номын сан
082 _a362.1
100 _aЦэрэнпил Т.
_911879
245 _aӨрхийн эрүүл мэндийн төв дэхь эрүүл мэндийн нийгмийн ажилчны өнөөгийн байдал:
_bБакалаврын зэрэг горилсон дипломын ажил
_c/ ЭША-ын удирд: ФУ-ны д-р, проф. Х.Дамдинжав; ЭША-ын шүүмж: НЭМ-ийн магистр Г.Даваасүрэн.
260 _aУБ.:
_bЭрхэс,
_c2013.
300 _a37х.
504 _aНомзүй х.34
505 _a(ЭМШУИС)
546 _aмонгол
650 _aөрхийн эрүүл мэнд
_911249
650 _aэрүүл мэндийн нийгмийн ажил
_911405
700 _aДамдинжав Х.
_93690
700 _aДаваасүрэн Г.
_95072
856 _uhttps://docs.google.com/forms/d/e/1FAIpQLSeI_coSIL0Pb9U2PsbEkAlWIoZBZw2bjNM-R5BdjWVQQyPubg/viewform
_zТОВЧ ХУРААНГУЙ ҮЗЭХ
942 _2ddc
_cBT
999 _c6752
_d6752